000 00291cam a22001097a 4500
008 180718b1948 xxu||||| |||| 00| 0 eng d
082 _aC43x5431
100 _aIndia. Ministry of States
245 _aWhite paper on Jammu and Kashmir
260 _aNew Delhi
_bThe author
_c1948
300 _a89+p.
999 _c490338
_d490338